|
|
|
|
| LEADER |
00000nab a2200000 a 4500 |
| 001 |
vtls010715156 |
| 003 |
SK-MaSNL |
| 005 |
20260304190018.0 |
| 008 |
250709s1999 xo |||||||||||||||||slo| |
| 035 |
|
|
|a (urnnbn)urn:nbn:sk:snk:ar-a04fbp
|
| 035 |
|
|
|a (uuid)88c8070c-3a2c-42e2-ad8b-37b8245ecaae
|
| 035 |
|
|
|a urn:nbn:sk:snk-ab3hga
|
| 040 |
|
|
|a SNKBUCL
|b slo
|c SNKBUCL
|e AACR2
|
| 041 |
0 |
|
|a slo
|
| 044 |
|
|
|a xo
|c SK
|
| 100 |
1 |
|
|a Horňáková, Oľga
|4 aut
|9 425933
|
| 245 |
1 |
0 |
|a Genetické zdroje strukovín
|c Oľga Horňáková, Michaela Benková
|
| 700 |
1 |
|
|a Benková, Michaela
|4 aut
|9 11538
|
| 773 |
0 |
|
|t Naše pole : odborný mesačník pre pestovateľov rastlín
|g Roč. 3, č. 4 (1999), s. 44
|
| 850 |
|
|
|a Slovenská národná knižnica
|
| 852 |
|
|
|a Slovenská národná knižnica
|
| 954 |
|
|
|a odborná, vedecká literatúra pôvodná (slovenská)
|2 lita
|
| 958 |
|
|
|a article1
|
| 958 |
|
|
|a OND
|
| 958 |
|
|
|a EUIPO
|
| 999 |
|
|
|c 3047813
|d 3049743
|